| 000 | 01385nam0a2200349 4500 | ||
|---|---|---|---|
| 001 | RU\NLR\bibl\1491159 | ||
| 005 | 20260504062742.0 | ||
| 010 | _a978-5-94282-562-1 | ||
| 010 |
_a978-5-93381-285-2 _92000 |
||
| 035 | _a(NLR Aleph) 001482724 | ||
| 090 |
_a1713748 _c1713748 |
||
| 100 | _a20100212d2010 |||y0rusy50 ca | ||
| 101 | 1 |
_arus _cnor |
|
| 102 | _aRU | ||
| 105 | _aa ||||||||| | ||
| 200 | 1 |
_aИбсен _dIbsen _eпуть Художника _fБьерн Хеммер _g[пер. с норв. под ред. Э. Панкратовой] _znor |
|
| 210 |
_aМосква _cОГИ _cБ.С.Г.-Пресс _d2010 |
||
| 215 |
_a647 с., [8] л. ил., портр., факс. _d22 |
||
| 300 | _aАвт. также на норв. яз.: Bjørn Hemmer | ||
| 320 | _aИмен. указ.: с. 646-647 | ||
| 510 | 1 |
_6z24790 _aIbsen _znor |
|
| 600 | 1 |
_aИбсен _bГ. _f1828 - 1906 _gГенрик _91159305 _3RU\NLR\auth\66463635 |
|
| 686 | _aШ5(4Нр)53-4Ибсен4,0 | ||
| 700 | 1 |
_4070 _8rus _7ca _aХеммер _bБ. _gБьерн _3RU\NLR\auth\7795954 _978880 |
|
| 702 | 1 |
_4570 _8rus _7ca _aИбсен _bГ. _gГенрик _f1828-1906 _3RU\NLR\auth\7729701 _912729 |
|
| 790 | 1 |
_4070 _8nor _7ba _aHemmer _bB. _gBjørn _3RU\NLR\auth\7795956 _978882 |
|
| 801 | 0 |
_aRU _bNLR _c20100212 _gRCR |
|
| 801 | 1 |
_aRU _bNLR _c20100212 |
|
| 830 | _aавт. по кн. | ||
| 942 | _cBOOK | ||
| 980 | _aNB | ||